000 00421nam a22001697a 4500
003 MPLRDC
005 20220104145634.0
008 210129b ||||| |||| 00| 0 eng d
082 _a781.054 GTY
100 _a尚哲、顾天佑 等著
245 _a中外文学家传略辞典
_c
250 _a初版
260 _a
_b香港上海书局
_c1959
300 _b
650 _a名人合传
942 _cBK
_o781.054 GTY
999 _c51429
_d51419